Love You Like a Love Song - Selena Gomez & The Scene (All Lyrics) - Statistics

General Stats
  • This quiz has been taken 95 times
  • The average score is 314 of 361
Answer Stats
Lyrics % Correct
I
100%
I,
100%
a
99%
A
99%
love
99%
You
99%
you
99%
Like
97%
like
97%
So
97%
song,
96%
song
96%
baby
94%
and
93%
And
93%
to
93%
it
90%
on
90%
repeat-
90%
are
88%
by
88%
been
86%
Every
86%
every
86%
my
86%
no
86%
No
86%
one
86%
beautiful
84%
beautiful,
84%
do
84%
It's
84%
know,
84%
me
84%
keep
83%
want
83%
your
81%
that
75%
what
75%
I've
74%
come
72%
done
72%
the
72%
already
71%
dream
71%
play
71%
said
71%
another
70%
goes
70%
peat-
70%
peat
70%
alive,
68%
guess
68%
right
67%
set
67%
free
65%
lyrical
65%
lyrical,
65%
now,
65%
record
65%
rescued
65%
sung
64%
that's
64%
again
62%
incredible
62%
life
62%
of
62%
own
62%
will
62%
heart,
61%
here's
61%
magical,
61%
feels
59%
miracle,
58%
compares
57%
best
55%
hypnotized
55%
mind
55%
saved
55%
alone
54%
just
54%
melody
54%
Music
54%
stand
54%
thought's
54%
am
52%
with
51%
hittin'
49%
destiny
48%
symphony
48%
through
46%
describe
42%
There's
42%
way
42%
'em
41%
Boy,
39%
Constantly
35%
centerfold
16%
No matching quizzes found
Score Distribution
Percent of People with Each Score
Percentile by Number Answered
Your Score History
You have not taken this quiz